00975cam a22002898a 45000010009000000050017000090080041000260100017000670200018000840350020001020400018001220410008001400420008001480600011001560800019001670820023001861000006002091010008002152450096002232630009003195040051003289060045003799420012004249990017004369520118004539520114005711766577720180220032055.0130318s2013 pau b 001 0 eng  a 2013011047 a9781451187892 a(DNLM)101604228 aDNLM/DLCcDLC aeng apcc10aWY 160 a616.890231 VID00a616.890231 VID2231 a3 aINF10aPsychiatric-mental health nursing /cSheila L. Videbeck ; illustrations by Cathy J. Miller. a1307 aIncludes bibliographical references and index. a7bcbccorignewd1eecipf20gy-gencatlg 2ddccBK c42859d42859 00102udc40708PËKGa002b002cPËKGd2018-02-20l0o616.890231 VIDp002-2998375r2018-02-20w2018-02-20yBK 00102udc40708PËKGa002b002cPËKGd2021-06-09l0o610.73 VIDp002-7003888r2021-06-09w2021-06-09yBK